LIBRARY & INFORMATION CENTRE, KCAET, TAVANUR

ONLINE PUBLIC ACCESS CATALOGUE (OPAC)

Dictionary of science / (Record no. 10879)

MARC details
000 -LEADER
fixed length control field 00502cam a2200193ua 4500
020 ## - INTERNATIONAL STANDARD BOOK NUMBER
ISBN 0 7131 81 680
041 ## - LANGUAGE CODE
Language code of text/sound track or separate title eng
082 ## - DEWEY DECIMAL CLASSIFICATION NUMBER
Classification number 028.735
Item number HAR/DI
100 ## - MAIN ENTRY--AUTHOR NAME
Personal name Hartmann-Petersen, P .
245 ## - TITLE STATEMENT
Title Dictionary of science /
250 ## - EDITION STATEMENT
Edition statement 1 /
260 ## - PUBLICATION, DISTRIBUTION, ETC. (IMPRINT)
Place of publication London :
Name of publisher Edward Arnold Publications Ltd ,
Year of publication 1984.
300 ## - PHYSICAL DESCRIPTION
Number of Pages 332 ; .
700 1# - ADDED ENTRY--PERSONAL NAME
Personal name Pigford, J N .
942 ## - ADDED ENTRY ELEMENTS (KOHA)
Koha item type Books
Holdings
Withdrawn status Lost status Damaged status Home library Current library Date acquired Full call number Accession Number Koha item type
      KAUAET KAUAET 27/03/1987 028.735 16252 Reference
      KAUAET KAUAET 31/08/1987 028.735 16327 Reference
free website counter